Le Sserafim members - Statistics

General Stats
  • This quiz has been taken 239 times
  • The average score is 5 of 5
Answer Stats
Picture Answer % Correct
Sakura
99%
Eunchae
98%
Kazuha
97%
Chaewon
96%
Yunjin
96%
No matching quizzes found
Score Distribution
Percent of People with Each Score
Percentile by Number Answered
Your Score History
You have not taken this quiz